Investment climate rankings and the position of selected CEE countries
Salvato in:
| Autore principale: | |
|---|---|
| Altri autori: | |
| Natura: | Capitolo di libro |
| Lingua: | inglese |
| Soggetti: | |
| Tags: |
Nessun Tag, puoi essere il primo ad aggiungerne!!
|
MARC
| LEADER | 00000naa a2200000 4500 | ||
|---|---|---|---|
| 001 | 0214375 | ||
| 005 | 20240531130342.5 | ||
| 041 | 0 | |a eng | |
| 044 | |a SK | ||
| 245 | 1 | 0 | |a Investment climate rankings and the position of selected CEE countries |c Andrea Vargová, Daniel Krajčík |
| 610 | 2 | 0 | |a investície zo zahraničia |
| 610 | 2 | 0 | |a investície priame zahraničné |
| 610 | 2 | 0 | |a indexy |
| 610 | 2 | 0 | |a konkurencieschopnosť |
| 610 | 2 | 0 | |a SVE |
| 610 | 2 | 0 | |a Európa |
| 610 | 2 | 0 | |a porovnanie medzinárodné |
| 100 | 1 | |a Vargová, Andrea | |
| 700 | 1 | |a Krajčík, Daniel, 1981- | |